| 000 | 00576nam a22001937a 4500 | ||
|---|---|---|---|
| 001 | 00028445 | ||
| 005 | 20260304094840.0 | ||
| 008 | 260304b ag ||||| |||| 00| 0 spa d | ||
| 040 |
_aAR-CcCEOS _bspa _cAR-CcCEOS |
||
| 041 | _aspa | ||
| 080 | _a820-2(082) | ||
| 090 | _bGOE | ||
| 100 | 1 |
_aGoethe, Johann Wolfgang von, _d1749-1832 _9751 |
|
| 245 |
_aFAUSTO : WETHER : HERMÁN Y DOROTEA : LAS AFINIDADES ELECTIVAS / _cGoethe |
||
| 264 |
_aBuenos Aires : _bEl Ateneo. |
||
| 300 |
_a809 p. ; _c19x13 cm. |
||
| 490 | _vColección Clásicos Inolvidables | ||
| 942 |
_2udc _cBK _n0 |
||
| 999 |
_c28471 _d28471 |
||